Normal view
MARC view
- Bainulmasālik Ham Āhangī aur Afhām o Tafhīm Kī Ḥikmat-i ʻAmlī
Entry Meeting Name
001 - CONTROL NUMBER
- control field: 12446
003 - CONTROL NUMBER IDENTIFIER
- control field: NUST
005 - DATE AND TIME OF LATEST TRANSACTION
- control field: 20181030113320.0
008 - FIXED-LENGTH DATA ELEMENTS
- fixed length control field: 181030|| aca||aabn | a|a d
040 ## - CATALOGING SOURCE
- Original cataloging agency: NUST
- Transcribing agency: NUST
111 ## - HEADING--MEETING NAME
- Meeting name or jurisdiction name as entry element: Bainulmasālik Ham Āhangī aur Afhām o Tafhīm Kī Ḥikmat-i ʻAmlī
- Date of meeting: (2015 :
- Location of meeting: Islāmābād, Pakistan)
670 ## - SOURCE DATA FOUND
- Source citation: Work cat.: (NUST)0: 880-01 Bainulmasālik Ham Āhangī aur Afhām o Tafhīm Kī Ḥikmat-i ʻAmlī (2015 : Islāmābād, Pakistan), Bainulmasālik ham āhangī aur afhām o tafhīm kī ḥikmat-i ʻamlī /
